[Event "Krzyszton mem corr"]
[Site "Poland corr"]
[Date "2000.??.??"]
[Round "?"]
[White "Copie, Jose Antonio"]
[Black "Lepikhov, Aleksey Georgievich"]
[Result "1-0"]
[WhiteElo "2555"]
[BlackElo "2610"]
[PlyCount "89"]
[EventDate "1999.07.15"]
[EventType "tourn (corr)"]
[EventRounds "14"]
[EventCountry "POL"]
[SourceTitle "Corr 2002"]
[Source "ChessBase"]
[SourceDate "2002.05.23"]
[SourceVersion "1"]
[SourceVersionDate "2002.05.23"]
[SourceQuality "1"]

1. e4 e6 2. d4 d5 3. Nd2 dxe4 4. Nxe4 Nd7 5. Nf3 Ngf6 6. Nxf6+ Nxf6 7. Bg5 c5 8. Bc4 cxd4 9. 0-0 Be7 10. Qe2 0-0 11. Rad1 Qb6 12. Nxd4 Qxb2 13. Nf5 Qb4 14. Rb1 Qc5 15. Rb5 Qc7 16. Nxe7+ Qxe7 17. Rf5 Qc7 18. Rxf6 gxf6 19. Bxf6 Qf4 20. Be5 Qh6 21. Rd1 b5 22. Bd3 f6 23. Be4 fxe5 24. Bxa8 Qf4 25. g3 Qc4 26. Qxc4 bxc4 27. c3 Kg7 28. Be4 Rf7 29. Rb1 Ba6 30. Rb8 Rc7 31. Kg2 Bc8 32. g4 Bd7 33. Rb7 Rxb7 34. Bxb7 Ba4 35. Ba6 Bd1 36. Kg3 Be2 37. h4 Kf6 38. Bb7 h6 39. f3 a5 40. Kf2 Bd1 41. Ba6 e4 42. Bxc4 Ke5 43. Be2 Bc2 44. Ke3 exf3 45. Bxf3 1-0

[Event "Krzyszton mem corr"]
[Site "Poland corr"]
[Date "1999.07.15"]
[Round "?"]
[White "Jaworski, Miroslaw"]
[Black "Lepikhov, Aleksey Georgievich"]
[Result "1/2-1/2"]
[WhiteElo "2458"]
[BlackElo "2611"]
[PlyCount "89"]
[EventDate "1999.07.15"]
[EventType "tourn (corr)"]
[EventRounds "14"]
[EventCountry "POL"]
[SourceTitle "Corr 2008"]
[Source "ChessBase"]
[SourceDate "2008.06.24"]
[SourceVersion "1"]
[SourceVersionDate "2008.06.24"]
[SourceQuality "1"]

1. d4 Nf6 2. c4 e6 3. Nc3 Bb4 4. Qc2 0-0 5. a3 Bxc3+ 6. Qxc3 b6 7. Bg5 Bb7 8. f3 h6 9. Bh4 d5 10. e3 Nbd7 11. cxd5 Nxd5 12. Bxd8 Nxc3 13. Bh4 Nd5 14. Bf2 f5 15. Bb5 c6 16. Bd3 e5 17. Ne2 Rae8 18. 0-0 exd4 19. exd4 N7f6 20. Rfe1 g6 21. Nc3 Kf7 22. Bc4 Rxe1+ 23. Rxe1 Re8 24. Rc1 g5 25. h4 Ke6 26. Bd3 Bc8 27. Ne2 Kd6 28. hxg5 hxg5 29. Ng3 Ne7 30. Re1 Be6 31. Re5 Nd7 32. Re2 Nf6 33. Be1 Kd7 34. Bb4 f4 35. Ne4 Nxe4 36. fxe4 Bb3 37. g3 fxg3 38. Be1 Ng6 39. Bxg3 Nf4 40. Bxf4 gxf4 41. Rf2 Rf8 42. Kg2 c5 43. dxc5 bxc5 44. Kf3 Kd6 45. Rg2 1/2-1/2